| 000 | 01043cam a22003015a 4500 | ||
|---|---|---|---|
| 001 | 007714493 | ||
| 003 | OSt | ||
| 005 | 20160517114938.0 | ||
| 008 | 030828t2004 enk frb 001 0 eng d | ||
| 020 | _a9780745322032 | ||
| 020 | _a0745322034 | ||
| 040 |
_aStDuBDS _beng _cUk _dUk _dEG-ScBUE |
||
| 041 | 1 |
_aeng _hfre _hara |
|
| 082 | 0 | 4 |
_a327.7305609045 _222 _bACH |
| 100 | 1 |
_aAchcar, Gilbert. _940000 |
|
| 245 | 1 | 0 |
_aEastern cauldron : _bIslam, Afghanistan, Palestine, and Iraq in a Marxist mirror / _cGilbert Achcar ; translated by Peter Drucker. |
| 260 |
_aLondon : _bPluto Prss, _cc.2004. |
||
| 300 |
_a287 p. ; _c23 cm. |
||
| 500 | _aIndex : p. 280-287. | ||
| 504 | _aIncludes bibliographical references. | ||
| 546 | _aText in English ; translated from original French and Arabic. | ||
| 650 | _2BUEsh | ||
| 651 | 7 |
_aMiddle East _xForeign relations. _2BUEsh _913921 |
|
| 651 | 7 |
_aMiddle East _xPolitics and government _y1945- _2BUEsh _932307 |
|
| 653 |
_bBUSBOL _cMay2016 |
||
| 700 | 1 |
_aDrucker, Peter, _etranslator. _939201 |
|
| 942 | _2ddc | ||
| 999 |
_c21763 _d21735 |
||